000 00510nam a2200193Ia 4500
005 20250508162134.0
008 008 250505s9999 xx 000 0 hin d
037 _aTextual
040 _aFEDL
_beng
_cFEDL
041 _ahin
_2hin
084 _aFH, SHR
_qFEDL
100 _aShri Krishan Ed.
245 0 _aVishwa ki pratinidhi lok-kathayen
260 _aDelhi, India
_bAtmaram and Sons
_c1974
300 _a383p.
365 _aINR
_b25
942 _cTEXL
_hFH, SHR
999 _c1374606
_d1374606